000 01238nam a22004450a 4500
001 PT44364
003 AR-LpoUNG
005 20260120134105.0
008 201001s2012||||ag |||||||||||||||||spa d
020 _a9789876301120
_c$41
040 _aAR-LpoUNG
_bspa
_eaacr
041 _aspa
044 _aag
082 0 _a982.065 979pro
100 1 _aLuzzi, Mariana
_ecoor.
245 1 0 _aProblemas socioeconómicos de la Argentina contemporánea :
_b1976-2010
250 _a1ra. ed.
260 _aBuenos Aires :
_bUniversidad Nacional de General Sarmiento,
_c2012.
300 _a478 p. :
_bil., gráfs., tbls.
490 0 _aTextos básicos
650 4 _aANALISIS HISTORICO
650 4 _aARGENTINA
650 4 _aCONVERTIBILIDAD
650 4 _aDEMOCRACIA
650 4 _aDICTADURA
650 4 _aECONOMIA
650 4 _aFUERZAS ARMADAS
650 4 _aGLOBALIZACION
650 4 _aHISTORIA ECONOMICA
650 4 _aHISTORIA POLITICA
650 4 _aHISTORIA SOCIAL
650 4 _aPARTICIPACION SOCIAL
650 4 _aRECESION ECONOMICA
650 4 _aSOCIEDAD
650 4 _aNEOLIBERALISMO
653 0 _aPOST-CONVERTIBILIDAD
710 2 _aUniversidad Nacional de General Sarmiento
905 _a44364
942 _cLIB
_2ddc
999 _c50961
_d50961